00958pab a2200145 454500008004000000100002100040245005700061260000900118300001500127362001200142520052700154650005600681650003100737773004400768180718b2003 xxu||||| |||| 00| 0 eng d aRamulu, Ch. Bala aWater resource management: Reforms in Andhra Pradesh c2003 ap.475-488. aJul-Sep aIn this article, an attempt is made to analyse the impact of water resource management reforms initiated by the government of Andhra Pradesh, recently on various agricultural classes, groups and the rural economy. The article is divided into three sections. The first section deals with the need for water conservation and its sustainable utilisation in the state. The second section discusses reforms on water resource management and their impact and the third section presents the conclusion of the study. - Reproduced. aWater resources management - India - Andhra Pradesh aWater resources management aIndian Journal of Public Administration